000
00320nam a2200145Ia 4500
005
20251222142014.0
008
251222s9999||||xx |||||||||||||| ||spa||
020
_a
84-233-1035-3
082
_a
863.6/D55C
100
_a
Delibes, Miguel
245
0
_a
El Camino
250
_a
4a.ed.
264
_b
Destino
942
_c
LIB
999
_c
10433
_d
10433